000 00297nam a22001217a 4500
008 180519b xxu||||| |||| 00| 0 eng d
041 _aeng
080 _a043.3
100 _a0
101 _aARK-BA
245 _aResort Malor me Vila per pushim, Mavrove- Gostivar
_cFejzullahu. N
942 _2udc
_cBK
999 _c46058
_d46058